000 00225nam a22001097a 4500
041 _aENG
245 _aShariy Bhumi me phasal ka jink poshan
260 _aDelhi
_bICER
_c1986
300 _a07
650 _aGAE
856 _uGAE
999 _c2628
_d2628